| 000 | 00681cam a2200145 4500500 | ||
|---|---|---|---|
| 005 | 20260208005346.0 | ||
| 041 | _afre | ||
| 042 | _adc | ||
| 100 | 1 | 0 |
_aCochet, François _eauthor |
| 245 | 0 | 0 | _aYves Le Maner et Alain Jacques, Photographies de l’enfer et du Chaos. Combattants et paysages de la Grande Guerre dans le Nord-Pas-de-Calais, préface de Dominique Dupilet, La Coupole, Centre d’Histoire et de Mémoire du Nord-Pas-de-Calais, 2008, 287 p. |
| 260 | _c2009. | ||
| 500 | _a14 | ||
| 786 | 0 | _nRevue historique | 651 | 3 | 2009-09-01 | p. 671zk-741zk | 0035-3264 | |
| 856 | 4 | 1 | _uhttps://shs.cairn.info/revue-historique-2009-3-page-671zk?lang=fr&redirect-ssocas=7080 |
| 999 |
_c1651757 _d1651757 |
||